| 000 | 00729nam a22001337a 4500 | ||
|---|---|---|---|
| 040 | _cRUA | ||
| 082 | _aAGR CHE 2010 B045 Or.1 | ||
| 100 | _aCHEA, VANDY. | ||
| 245 | _aeffect of transplanting depths on growth and yield ofphkar rumduol rice at royal university of agriculture (ឥទ្ធិពលនៃជម្រៅសន្ទូងលើការលូតលាស់ និង ទិន្នផលពូជស្រូវផ្ការំដួល នៅសាកលវិទ្យាល័យភូមិន្ទកសិកម្ម) | ||
| 260 |
_aPhnom Penh _bRUA _c2010 |
||
| 300 |
_axi, 44p. _bill. _c29cm. |
||
| 856 | _uhttps://drive.google.com/file/d/1Le4saexH2JTJNdOUrHkmsaAhLs7lQxof/view?usp=sharing | ||
| 942 | _cAGR | ||
| 999 |
_c1046 _d1046 |
||